000
00266nam a2200097Ia 4500
008
240331s9999 xx 000 0 und d
082
_b
TRI
100
_a
International Women's Tribune Centre. ed
245
0
_a
Tribune :
_b
News Letters- January 1987-March 1989
942
_c
L
999
_c
2718
_d
2718